Mi hermana la pantera / (Registro nro. 12091)

Detalles MARC
000 -LIDER
fixed length control field 01012nam a22003257a 4500
001 - NÚMERO DE CONTROL
Identificador de número de control 000740
003 - IDENTIFICACDOR DE NÚMERO DE CONTROL
control field DO-SdBNP
005 - DATE AND TIME OF LATEST TRANSACTION
control field 20180209125925.0
007 - CAMPOS FIJOS DE DESCRIPCIÓN FÍSICA
fixed length control field 000740
008 - ELEMENTOS DE LONGITUD FIJA
fixed length control field 161124b 1991 sp a ||||| |||| 00| 0 spa d
020 ## - ISBN
International Standard Book Number 8434808994
040 ## - FUENTE DE CATALOGACIÓN
Agencia que crea de manera original el registro BPMSU
Idioma de catalogación spa
Agencia que realiza la transcripción BPMSU
041 17 - CÓDIGOS DE OBRAS TRADUCIDAS O EN VARIOS IDIOMAS
Código del idioma del texto/archivo de sonido o separata spa
Cód. del idioma original y/o traducciones intermedias del texto eng
100 1# - ASIENTO PRINCIPAL -- NOMBRE PERSONAL
Nombre personal Thiam, Djibi
240 1# - TITULO UNIFORME
Título uniforme Ma soeur la panthère.
Idioma de una obra Español
245 10 - MENCIÓN DE TITULO
Título Mi hermana la pantera /
Mención de responsabilidad Djibi Thiam ; traducción del francés, W. Caño ; ilustaciones, Antonio Tello.
250 ## - MENCIÓN DE EDICION
Mención de edición 12ª ed.
260 ## - PUBLICACIÓN, DISTRIBUCIÓN, ETC. (PIE DE IMPRENTA)
Lugar de publicación, distribución, etc Madrid :
Nombre del editor, distribuidor, etc. SM,
Fecha de publicación, distribución, etc 1991.
300 ## - DESCRIPCIÓN FÍSICA
Extensión 206 p. :
Otros detalles físicos il. ;
Dimensiones 19 cm.
490 1# - MENCIÓN DE SERIES
Mención de serie El barco de vapor
Volume/sequential designation 9
500 ## - NOTA GENERAL
Nota general Para niños a partir de 9 años
500 ## - NOTA GENERAL
Nota general Incluye datos del autor
500 ## - NOTA GENERAL
Nota general Traducción de: Ma soeur la panthère
700 12 - ASIENTO SECUNDARIO -- NOMBRE PERSONAL
Nombre personal Caño, W.,
Mención de responsabilidad tr.
700 12 - ASIENTO SECUNDARIO -- NOMBRE PERSONAL
Nombre personal Tello, Antonio,
Fechas asociadas con el nombre 1951-
Mención de responsabilidad il.
830 #0 - ASIENTO SECUNDARIO DE SERIE--TÍTULO UNIFORME
Título uniforme El barco de vapor ;
Volume number/sequential designation 9
942 ## - ADDED ENTRY ELEMENTS (KOHA)
Source of classification or shelving scheme Dewey Decimal Classification
Koha item type Libros
945 ## - INFORMACIÓN DE PROCESAMIENTO LOCAL
Información de procesamiento local Inventariado, 2018/MFF
956 ## - LOCAL ELECTRONIC LOCATION AND ACCESS (OCLC)
Método de acceso LOPEREZ
Materiales especificados 10
Enlace 20161124
Campo enlazado y núm. de secuencia BPMSU
Nombre de host 00041
Existencias
Withdrawn status Lost status Source of classification or shelving scheme Damaged status Not for loan Collection code Home library Current library Date acquired Source of acquisition Total Checkouts Full call number Barcode Date last seen Price effective from Koha item type
    Dewey Decimal Classification     Colección Infantil General Biblioteca Pública Metropolitana Salomé Ureña Biblioteca Pública Metropolitana Salomé Ureña 11/24/2016 Donación   xxxx xxxx BPMSU16111541 11/24/2016 11/24/2016 Libros